01828nam a22003377a 4500952009600000952010800096952010800204999001900312007000300331008004100334020001800375050001500393245017800408260009000586300002800676490001600704500005700720504003900777505027200816519004401088519004401132519004401176519004401220650002301264650003301287650002401320700004901344700004201393700004301435942001201478 00102lcc4070a21b21d2019-02-25l0oF1219 P58p21 004073r2019-02-25t1w2019-02-25yLB 00102lcc4070a20b20d2019-03-13l1oF1219 P58p20 004158r2024-08-22s2020-02-26t1w2019-03-13yLB 00102lcc4070a08b08d2019-02-26l1oF1219 P58p08 006883r2022-05-26s2022-05-26t1w2019-03-22yLB c103842d103842ta190225s2014 ||||| |||| 00| 0 spa d a9786074019407 aF1219bP5810aPluralismo constitucionalismo pueblos indios y Estado nacional en Méxicoc / Juan Ricardo Jiménez Gómez, Enrique Rabell García, Gabriela Nieto Castillo coordinadores aMéxicob : Universidad Autónoma de Querétarob Miguel Ángel Porrúac , 2014 a198 páginasc; 23 cm. aLa Historia aIncluye: Presentación Siglas Índice de contenido aFuentes consultadas (página 191) aLos indios en Querétaro durante el siglo XIX. La presencia discreta de los jesuitas novohispanos. Pautas culturales y lingüísticas de los otomíes de Guanajuato en el pasado y presente. Indios y multiculturalidad en Querétaro. Autonomía o derechos humanos. aMaterial Complementario /d(21 004073)  aMaterial Complementario / d(20 004158) aMaterial Complementario / d(08 006883) aMaterial Complementario / d(24 001368) 0aINDIOS DE MÉXICO 0aCONDICIONES SOCIALESzMEXICO 0aOTOMÍESzMÉXICO aJiménez Gómez, Juan Ricardoecoordinador aRabell García, Enriqueecoordinador aNieto Castillo, Gabrielaecoordinadora 2lcccLB